| 000 | 00390nam a2200157Ia 4500 | ||
|---|---|---|---|
| 003 | LK-CoDNM | ||
| 008 | 010623t1995 xxu||||| |||| 00| 1 eng d | ||
| 040 |
_aLK-CoDNM _dLK-CoDNM _eLK-CoDNM |
||
| 041 | _aeng | ||
| 080 | _aX 32 | ||
| 100 | _aDissanayaka,T.D.S.A | ||
| 245 | _aWar Or Peace In Sri Lanka | ||
| 260 |
_bSwastika _aColombo 12 _c1995 |
||
| 300 | _b188p.;21.5 cm cm | ||
| 942 | _cBK | ||
| 999 |
_c116995 _d116995 |
||